000 002780000a22000970004500
100 1 _aAlexander, T.D.
245 1 0 _aThe composition of the Sinai narrative in Exodus 19:1-24:11
300 _aVol. 49, Num. 1 (Enero, 1999), Páginas 2-20
773 0 _tVetus Testamentum
942 _cANA
999 _c58244
_d58244